Countries of Asia in size order - Statistics

General Stats
  • This quiz has been taken 1,845 times
  • The average score is 25 of 48
Answer Stats
size (km2) country first letter % Correct
9596961 China C
100%
3287263 India I
97%
2724900 Kazakhstan K
95%
2149690 Saudi Arabia S
87%
1904569 Indonesia I
86%
1648195 Iran I
85%
1564110 Mongolia M
83%
907843 Pakistan P
80%
747272 Turkey T
73%
527968 Yemen Y
68%
676578 Myanmar M
66%
652230 Afghanistan A
65%
377930 Japan J
64%
447400 Uzbekistan U
64%
488100 Turkmenistan T
62%
513120 Thailand T
61%
331212 Vietnam V
61%
438317 Iraq I
60%
309500 Oman O
60%
236800 Laos L
51%
330803 Malaysia M
51%
199951 Kyrgyzstan K
48%
300000 Philippines P
48%
716 Singapore S
46%
181035 Cambodia C
45%
11586 Qatar Q
45%
765 Bahrain B
43%
5765 Brunei B
42%
300 Maldives M
42%
185180 Syria S
42%
89342 Jordan J
40%
143100 Tajikistan T
40%
147570 Bangladesh B
39%
147181 Nepal N
39%
120538 North korea N
37%
100210 South Korea S
36%
86600 Azerbaijan A
35%
83600 United Arab Emirates U
35%
17818 Kuwait K
34%
10452 Lebanon L
33%
14874 East Timor E
32%
69000 Georgia G
32%
20770 Israel I
32%
38394 Bhutan B
31%
29843 Armenia A
30%
65610 Sri Lanka S
28%
36193 Taiwan T
28%
9251 Cyprus C
24%
No matching quizzes found
Score Distribution
Percent of People with Each Score
Percentile by Number Answered
Your Score History
You have not taken this quiz